000 00440nam a2200181Ia 4500
001 3733
005 20260306145705.0
008 260306t2017||||xx |||||||||||||| ||spa||
041 _aESP
082 _a302.2019
_bC235
100 _aCentro de Estudios Financieros
_eAUT
245 0 _aPsicología de la comunicación
260 _c2017
300 _a262 páginas :
_c24 cm.
650 _aGEN
654 _aCED
942 _cLIB
_dJUS
_fJUS
_2ddc
_n
999 _c3733
_d3733